[Event "DEM U18w 2010"]
[Site "Oberhof GER"]
[Date "2010.05.29"]
[Round "9"]
[White "Nguyen Minh, Thuy"]
[Black "Voss, Chantal"]
[Result "1/2-1/2"]
[Termination "normal"]
[Board "3"]
[WhiteElo "1895"]
[BlackElo "1879"]
[PlyCount "62"]
[WhiteFideId "24672688"]
[BlackFideId "4664906"]
[EventCountry "GER"]
[EventRounds "9"]
[EventType "swiss"]
[EventDate "2010.05.22"]

1. e4 e6 2. d4 d5 3. Nc3 Bb4 4. exd5 exd5 5. Bd3 Nc6 6. Nge2 Nge7 7. a3 Ba5 8.
O-O Bf5 9. Be3 O-O 10. Ng3 Bxd3 11. Qxd3 Qd7 12. Nh5 Bxc3 13. bxc3 Qf5 14. Qe2
Rfe8 15. g4 Qe4 16. Qd1 Qg6 17. Nf4 Qd6 18. Qf3 Rad8 19. Nh5 Ng6 20. Qh3 Na5
21. f4 Nc4 22. Bc1 Re2 23. f5 Rde8 24. fxg6 hxg6 25. Bf4 Qe7 26. Ng3 Rxc2 27.
Rfe1 Qxe1+ 28. Rxe1 Rxe1+ 29. Nf1 Rb2 30. Qh4 Rbb1 31. Qd8+ Kh7 1/2-1/2

[Event "DEM U18w 2010"]
[Site "Oberhof GER"]
[Date "2010.05.29"]
[Round "9"]
[White "Blübaum, Johanna"]
[Black "Mijatovic, Andrea"]
[Result "0-1"]
[Termination "normal"]
[Board "4"]
[WhiteElo "1988"]
[BlackElo "1864"]
[PlyCount "104"]
[WhiteFideId "24647373"]
[BlackFideId "14514524"]
[EventCountry "GER"]
[EventRounds "9"]
[EventType "swiss"]
[EventDate "2010.05.22"]

1. d4 d5 2. c4 e6 3. Nc3 c6 4. e3 Nf6 5. Nf3 Nbd7 6. Bd3 dxc4 7. Bxc4 b5 8. Bd3
Bb7 9. e4 b4 10. Na4 c5 11. e5 Nd5 12. Nxc5 Nxc5 13. dxc5 Qa5 14. O-O Bxc5 15.
Nd2 Be7 16. Ne4 O-O 17. Qh5 Ba6 18. Rd1 Rac8 19. Bb1 g6 20. Qh6 Qd8 21. h3 Qc7
22. Bg5 Qxe5 23. Bxe7 Nxe7 24. Ng5 Qg7 25. Qxg7+ Kxg7 26. Be4 Rfd8 27. Bf3 Nd5
28. Rd2 Bb7 29. Rad1 Rc7 30. Ne4 a5 31. a3 f5 32. Ng5 Kf6 33. h4 h6 34. Nh3 g5
35. g3 bxa3 36. bxa3 Rc3 37. Rd3 Rdc8 38. Bg2 Rxd3 39. Rxd3 gxh4 40. gxh4 Rc4
41. Rb3 Bc6 42. h5 Ba4 43. Rb8 Bd1 44. Rb5 a4 45. Bxd5 exd5 46. Rxd5 Bxh5 47.
Rd6+ Ke5 48. Rxh6 Bg4 49. Ng5 Rc3 50. Kg2 Bd1 51. Rh1 Bb3 52. Nf3+ Rxf3 0-1

[Event "DEM U18w 2010"]
[Site "Oberhof GER"]
[Date "2010.05.29"]
[Round "9"]
[White "Kinzel, Tiffany"]
[Black "Mertens, Pauline"]
[Result "1-0"]
[Termination "normal"]
[Board "5"]
[WhiteElo "1570"]
[BlackElo "1999"]
[PlyCount "139"]
[WhiteFideId "4633741"]
[BlackFideId "24671959"]
[EventCountry "GER"]
[EventRounds "9"]
[EventType "swiss"]
[EventDate "2010.05.22"]

1. Nc3 d5 2. e4 d4 3. Nce2 e5 4. Ng3 Be6 5. b3 Nd7 6. a3 Ne7 7. d3 c5 8. Be2
Ng6 9. Nf3 f6 10. O-O Qc7 11. Bd2 Nf4 12. Nh4 g6 13. Bg4 Bf7 14. Ne2 g5 15.
Nxf4 exf4 16. Bxd7+ Qxd7 17. Nf5 O-O-O 18. b4 c4 19. c3 cxd3 20. cxd4 Be6 21.
Rc1+ Kb8 22. Bc3 Bxf5 23. exf5 Qxf5 24. Re1 g4 25. a4 f3 26. b5 Bd6 27. Ba5 Qh5
28. h3 Rdg8 29. Qxd3 fxg2 30. Kxg2 gxh3+ 31. Kh1 Rg2 32. Qe4 Rhg8 33. Bc7+ Bxc7
34. f4 Rg1+ 35. Rxg1 Rxg1+ 36. Rxg1 Qf7 37. Qf3 Qe6 38. f5 Qf7 39. Qxh3 Qd5+
40. Rg2 Qe4 41. Qg4 Qe1+ 42. Rg1 Qe7 43. Qg8+ Bd8 44. Qe6 Qf8 45. Rg8 Qh6+ 46.
Kg1 Qc1+ 47. Kg2 Qd2+ 48. Kf3 Qxd4 49. Re8 Qd3+ 50. Kf2 Qc2+ 51. Ke3 Qc3+ 52.
Kf4 Qd4+ 53. Qe4 Qf2+ 54. Kg4 Qg1+ 55. Kf3 Qf1+ 56. Ke3 Qe1+ 57. Kd4 Qd1+ 58.
Kc5 b6+ 59. Kc6 Qc1+ 60. Kd7 Qc8+ 61. Kd6 Qc5+ 62. Ke6 Qc8+ 63. Kf7 Qd7+ 64.
Kg8 h5 65. Qe6 Kc7 66. Qxd7+ Kxd7 67. Kf7 h4 68. Rh8 Bc7 69. Rxh4 Be5 70. Rh6
1-0

[Event "DEM U18w 2010"]
[Site "Oberhof GER"]
[Date "2010.05.29"]
[Round "9"]
[White "Wisheckel, Lena"]
[Black "Kohm, Vanessa"]
[Result "1/2-1/2"]
[Termination "normal"]
[Board "6"]
[WhiteElo "1672"]
[BlackElo "1768"]
[PlyCount "103"]
[WhiteFideId "24691992"]
[BlackFideId "4674472"]
[EventCountry "GER"]
[EventRounds "9"]
[EventType "swiss"]
[EventDate "2010.05.22"]

1. e4 c5 2. Nc3 g6 3. f4 Bg7 4. Nf3 Nc6 5. Bc4 d6 6. O-O e6 7. d3 a6 8. a4 Nge7
9. Qe1 O-O 10. Qh4 Nb4 11. Bb3 Nec6 12. Qh3 Qb6 13. Kh1 Nd4 14. Nxd4 Bxd4 15.
Ne2 Bg7 16. Qg3 Qd8 17. c3 Nc6 18. Bc2 Rb8 19. h4 h5 20. Qf2 b5 21. Ng1 b4 22.
Nf3 bxc3 23. b3 Nd4 24. g3 Bd7 25. Rb1 Rb7 26. Be3 Nxf3 27. Qxf3 Bd4 28. Kh2
Bc6 29. Qe2 d5 30. Rbd1 Qe7 31. Bc1 Bg7 32. Rde1 d4 33. Qf2 Qc7 34. Ba3 Bd7 35.
Qe2 Bh6 36. Rf2 Re8 37. Qf1 f5 38. Rfe2 Rbb8 39. exf5 exf5 40. Re5 Bf8 41. Qe2
Bg7 42. Rxe8+ Rxe8 43. Qf2 Qb6 44. Rxe8+ Bxe8 45. Qe1 Bf7 46. Qd1 Bf8 47. Bc1
Bd5 48. Kg1 Qe6 49. Kf2 Bc6 50. Qe2 Qd5 51. Ke1 Qh1+ 52. Qf1 1/2-1/2

[Event "DEM U18w 2010"]
[Site "Oberhof GER"]
[Date "2010.05.29"]
[Round "9"]
[White "Erofeev, Anastasia"]
[Black "Schöbel, Ulrike"]
[Result "1/2-1/2"]
[Termination "normal"]
[Board "7"]
[WhiteElo "1624"]
[BlackElo "1656"]
[PlyCount "50"]
[WhiteFideId "12917915"]
[EventCountry "GER"]
[EventRounds "9"]
[EventType "swiss"]
[EventDate "2010.05.22"]

1. e4 d5 2. exd5 Qxd5 3. Nc3 Qa5 4. d4 c6 5. Bc4 Bf5 6. Nge2 e6 7. O-O Nf6 8.
Ng3 Bg6 9. f4 Be7 10. Qe2 Bh5 11. Nxh5 Qxh5 12. Qxh5 Nxh5 13. f5 exf5 14. Rxf5
Nf6 15. Bg5 O-O 16. Re1 Bd8 17. Rf3 Nbd7 18. Bf4 Bb6 19. Ne2 Rfe8 20. c3 Nd5
21. Bg3 Re7 22. Nf4 Rxe1+ 23. Bxe1 N7f6 24. Nxd5 Nxd5 25. Bxd5 cxd5 1/2-1/2

[Event "DEM U18w 2010"]
[Site "Oberhof GER"]
[Date "2010.05.29"]
[Round "9"]
[White "Dorn, Carina"]
[Black "Kölbl, Ines"]
[Result "1-0"]
[Termination "normal"]
[Board "8"]
[WhiteElo "1869"]
[BlackElo "1855"]
[PlyCount "67"]
[WhiteFideId "24666335"]
[BlackFideId "24697052"]
[EventCountry "GER"]
[EventRounds "9"]
[EventType "swiss"]
[EventDate "2010.05.22"]

1. d4 d5 2. c4 c6 3. Nf3 Nf6 4. Nc3 dxc4 5. a4 Bf5 6. e3 h6 7. Bxc4 e6 8. O-O
Bb4 9. Qe2 Bg4 10. Rd1 Qa5 11. Bd2 Qh5 12. h3 Bxf3 13. Qxf3 Qxf3 14. gxf3 Nbd7
15. e4 O-O 16. Bf4 Rfe8 17. e5 Nh5 18. Be3 Kh7 19. Bd3+ g6 20. Ne4 Rad8 21. f4
Rf8 22. a5 f5 23. Nc5 Bxc5 24. dxc5 Rf7 25. Bc4 Ng7 26. Rd6 Re7 27. Rad1 Kg8
28. a6 bxa6 29. Bxa6 Ne8 30. Rxc6 Rb8 31. Bc4 Nf8 32. b3 Kf7 33. Ra6 Ra8 34. c6
1-0

[Event "DEM U18w 2010"]
[Site "Oberhof GER"]
[Date "2010.05.29"]
[Round "9"]
[White "Falke, Cynthia"]
[Black "Müller, Anna-Louise"]
[Result "1-0"]
[Termination "normal"]
[Board "9"]
[WhiteElo "1672"]
[BlackElo "1627"]
[PlyCount "65"]
[WhiteFideId "24600644"]
[BlackFideId "4633512"]
[EventCountry "GER"]
[EventRounds "9"]
[EventType "swiss"]
[EventDate "2010.05.22"]

1. e4 d5 2. exd5 Qxd5 3. Nc3 Qd6 4. Bc4 Nf6 5. Nge2 Bf5 6. d3 c6 7. O-O e6 8.
Ng3 Bg6 9. Be3 Nbd7 10. f4 Qc7 11. Qe2 Be7 12. f5 exf5 13. Bf4 Qb6+ 14. Kh1 Kf8
15. Bb3 Re8 16. Qf3 h5 17. Be3 Qa5 18. Nxf5 Bxf5 19. Qxf5 Qxf5 20. Rxf5 b6 21.
Ne4 Rh7 22. Ng5 Rh8 23. Nxf7 Bb4 24. Nxh8 Rxe3 25. Ng6+ Ke8 26. Nf4 Bd6 27.
Nxh5 Nxh5 28. Rxh5 Nf6 29. Rh8+ Bf8 30. Rf1 Re5 31. Ba4 b5 32. Bb3 a5 33. a4
1-0

[Event "DEM U18w 2010"]
[Site "Oberhof GER"]
[Date "2010.05.29"]
[Round "9"]
[White "Sonnhalter, Stella"]
[Black "Stoer, Agnes"]
[Result "1/2-1/2"]
[Termination "normal"]
[Board "10"]
[WhiteElo "1751"]
[BlackElo "1877"]
[PlyCount "94"]
[WhiteFideId "4624815"]
[BlackFideId "1270593"]
[EventCountry "GER"]
[EventRounds "9"]
[EventType "swiss"]
[EventDate "2010.05.22"]

1. e4 e6 2. f4 d5 3. e5 Nh6 4. Nf3 c5 5. c3 Nc6 6. Na3 Bd7 7. Nc2 Be7 8. Be2 f5
9. d4 c4 10. b3 b5 11. Ba3 Qa5 12. Bb2 Qd8 13. Ne3 g5 14. fxg5 Bxg5 15. Nxg5
Qxg5 16. Bh5+ Kd8 17. Qf3 Be8 18. Bxe8 Rxe8 19. Bc1 Qg6 20. bxc4 bxc4 21. Nxc4
Kc7 22. Nd6 Rg8 23. g3 Nf7 24. Ba3 Ng5 25. Qe3 Rab8 26. c4 Kd7 27. cxd5 exd5
28. O-O Ne7 29. Kh1 Ne6 30. Rg1 Qg4 31. Rad1 Nc6 32. Bc5 Rb2 33. Rb1 Rgb8 34.
Rxb2 Rxb2 35. Rg2 Rb1+ 36. Rg1 Rxg1+ 37. Qxg1 Qf3+ 38. Qg2 Qd1+ 39. Qg1 Qxg1+
40. Kxg1 Nexd4 41. Kf2 Ke6 42. Ke3 Nc2+ 43. Kf4 N2b4 44. Bxb4 Nxb4 45. Nxf5
Nd3+ 46. Ke3 Nxe5 47. Nd4+ Kf6 1/2-1/2

[Event "DEM U18w 2010"]
[Site "Oberhof GER"]
[Date "2010.05.29"]
[Round "9"]
[White "Kirst, Julia"]
[Black "Rolfs, Rebecca"]
[Result "1-0"]
[Termination "normal"]
[Board "11"]
[WhiteElo "1712"]
[BlackElo "1408"]
[PlyCount "55"]
[WhiteFideId "12914258"]
[BlackFideId "24658219"]
[EventCountry "GER"]
[EventRounds "9"]
[EventType "swiss"]
[EventDate "2010.05.22"]

1. d4 d5 2. c4 dxc4 3. Nf3 Nf6 4. Nc3 a6 5. e3 e6 6. Bxc4 b5 7. Bd3 Bb7 8. O-O
c5 9. Ne5 Nbd7 10. f4 cxd4 11. exd4 Nxe5 12. dxe5 Bc5+ 13. Kh1 Nd5 14. Qe2 Nxc3
15. bxc3 Qb6 16. a4 b4 17. cxb4 Bxb4 18. Be3 Qa5 19. Bf2 Qd5 20. Bh4 Qd4 21.
Rad1 Qc3 22. Be4 Bxe4 23. Qxe4 O-O 24. Rf3 Qc5 25. Rh3 g6 26. Bf6 Rac8 27. Qf3
Qc2 28. Rxh7 1-0